Balmaceda: sus últimos días
Salvato in:
| Autori principali: | , |
|---|---|
| Natura: | Libro |
| Lingua: | spagnolo |
| Pubblicazione: |
Santiago, Chile
Chile America, CESOC
1991
|
| Soggetti: | |
| Tags: |
Aggiungi Tag
Nessun Tag, puoi essere il primo ad aggiungerne!!
|
MARC
| LEADER | 00000nam a2200000 a 4500 | ||
|---|---|---|---|
| 001 | UCY0928 | ||
| 003 | CL-VaPUC | ||
| 005 | 20241018153235.0 | ||
| 008 | 940817e19910000CL |||||||||||||||||spa|d | ||
| 999 | |c 229797 |d 229795 | ||
| 040 | |c Pontificia Universidad Católica de Valparaíso | ||
| 082 | 0 | 4 | |a 983.062 GAL 1991 |2 21 |
| 100 | |a Gallardo, Juanita |e author |9 496567 | ||
| 245 | 1 | 0 | |a Balmaceda: |b sus últimos días |
| 260 | |a Santiago, Chile |b Chile America, CESOC |c 1991 | ||
| 300 | |a 182 páginas | ||
| 583 | |a last modification |c 19940817 00:00:00 |k Rodrigo Vera | ||
| 600 | 0 | |a Balmaceda Fernández, José Manuel, |d 1840-1891 |9 315369 | |
| 650 | 7 | |a HISTORIA DE CHILE |2 CL-VaPUC |9 328781 |y 1891 | |
| 650 | 0 | |a Guerra civil 1891 |y 1891 |z CHILE |9 268144 | |
| 700 | 0 | |a Vitale, Luis |e author |9 328780 | |
| 852 | |a BIBCUR | ||
| 942 | |c BK |2 ddc | ||
| 945 | |d 19940817 00:00:00 |a oaravena | ||
| 952 | |0 0 |1 0 |2 ddc |4 0 |6 983_062000000000000_GAL_1991 |7 0 |8 A |9 231405 |a BIBHIS |b BIBHIS |d 2019-11-15 |i 3008347 |o 983.062 GAL 1991 |p 3008347 |r 2025-01-20 |t 1 |w 2019-11-15 |y BK |k HIS | ||